00574 2200193 4500001002100000008004100021035002000062245010000082100004000182250001000222260003900232300002000271020002200291084001800313082001100331650001600342990001100358990001100369INLIS000000000014984 ind  a0010-1222000063 a30 Dosa Riba yang Dianggap BiasacSa'id bin Ali bin Wahf Al-Qahthani;penyunting, Rendi Setiawan aSA'ID, bin Ali bin Wahf Al-Qahthani acet.5 aSukoharjo :bPQS Publishing,c2021 a208 hlmc21 cm. a978-602-1243-58-9 a297.422 SAI t a297422 aISLAM.FIKIH a9981 a a9981 b